MARC

LEADER 00000nam0a2200000 4500
001 156845
005 20231101221928.0
035 |a (RuTPU)RU\TPU\book\170096 
090 |a 156845 
100 |a 20090331d1983 km y0rusy50 ca 
101 0 |a rus 
102 |a BY 
105 |a a z 001zy 
200 1 |a Магнитные жидкости: научные и прикладные исследования  |e сборник научных трудов  |f Академия наук Белорусской ССР, Институт тепло- и массообмена им. А. В. Лыкова 
210 |a Минск  |c [Б. и.]  |d 1983 
215 |a 142 с.  |c ил. 
320 |a Библиография в конце статей 
606 1 |a Ферромагнитные жидкости  |2 stltpush  |3 (RuTPU)RU\TPU\subj\63630  |9 80618 
610 1 |a магнитные жидкости 
610 1 |a научные исследования 
610 1 |a прикладные исследования 
610 1 |a исследование 
675 |a 537.84  |v 3 
712 0 2 |a Академия наук Белорусской ССР  |b Институт тепло- и массообмена им. А. В. Лыкова  |2 stltpush  |3 (RuTPU)RU\TPU\col\11896 
801 1 |a RU  |b 63413507  |c 20090331  |g PSBO 
801 2 |a RU  |b 63413507  |c 20180719  |g PSBO 
942 |c BK